[Event "11th Asrian Memorial 2018"]
[Site "Jermuk"]
[Date "2018.06.21"]
[Round "1"]
[White "Sasikiran, Krishnan"]
[Black "Mkrtchyan, Sargis R"]
[Result "1-0"]
[WhiteElo "2666"]
[BlackElo "2251"]
[Annotator "TA"]
[PlyCount "51"]
[EventDate "2018.06.21"]
[EventCountry "ARM"]
[SourceTitle "playchess.com"]
[Source "ChessBase"]
[SourceQuality "1"]

{[%evp 19,51,12,39,3,14,11,19,-5,-10,11,8,20,22,-16,-21,-18,0,0,0,0,0,-27,45,52,420,425,483,448,453,397,29981,2606,29989,29990]} 1. e4 e5 2. Nf3 Nc6 3. Bb5 a6 4. Ba4 g6 5. c3 Bg7 6. d4 {C70: Ruy Lopez: 3...a6 4 Ba4, Norwegian and Delayed Schliemann} exd4 7. cxd4 b5 8. Bb3 Nge7 9. O-O O-O 10. Nc3 d6 {LiveBook: 167 Games} 11. h3 Na5 12. Bc2 c5 13. Bg5 {[#] aiming for dxc5.} h6 14. Bh4 {dxc5 is the strong threat.} g5 15. Bg3 {next dxc5 is good for White.} Nc4 {[#]} 16. Bb3 $146 ({Predecessor:} 16. b3) 16... cxd4 17. Nxd4 Nxb2 18. Qd2 Nc4 19. Bxc4 bxc4 20. f4 gxf4 (20... d5 $11 21. e5 Ng6) 21. Bxf4 $14 d5 $2 {[%mdl 8192] [#]} (21... Kh7 $14) 22. Bxh6 $18 dxe4 23. Bxg7 Kxg7 24. Nxe4 Be6 $2 (24... f5 $18 25. Qc3 Kh7) 25. Qc3 (25. Qg5+ $142 Ng6 26. Rxf7+ Kxf7 27. Rf1+ Nf4 28. Rxf4+ Ke8 29. Qg6+ Kd7 30. Qxe6+ Kc7 31. Qxc4+ Kb6 32. Qb4+ Kc7 33. Ne6+ Kc6 34. Qc5+ Kd7 35. Qd6+ Kc8 36. Rxf8 Kb7 37. N6c5+ Ka7 38. Rf7+ Qe7 39. Rxe7#) 25... Qb6 26. Rab1 1-0

[Event "11th Asrian Memorial 2018"]
[Site "Jermuk"]
[Date "2018.06.21"]
[Round "1"]
[White "Sethuraman, S P"]
[Black "Muradyan, Robert"]
[Result "1-0"]
[WhiteElo "2657"]
[BlackElo "2225"]
[Annotator "TA"]
[PlyCount "47"]
[EventDate "2018.06.21"]
[EventCountry "ARM"]
[SourceTitle "playchess.com"]
[Source "ChessBase"]
[SourceQuality "1"]

{[%evp 29,47,72,81,72,77,41,62,33,138,136,138,120,122,122,282,275,259,255,354,345]} 1. Nf3 d5 2. d4 Nf6 3. c4 e6 4. g3 Be7 5. Bg2 O-O 6. O-O c6 7. Qc2 Nbd7 8. Nbd2 b6 9. e4 dxe4 10. Nxe4 Nxe4 11. Qxe4 Bb7 12. Rd1 Nf6 13. Qe2 Qc7 14. Bf4 {E09: Katalanisch} Bd6 15. Ne5 (15. Bxd6 Qxd6 16. Ne5 Rab8 17. a3 c5 18. dxc5 Qxc5 19. Bxb7 Rxb7 20. b4 Qe7 21. Nc6 Qe8 {½-½ (59) Bates,R (2349)-Arkell,K (2497) England 2015}) 15... Nd7 {LiveBook: 3 Partien} 16. c5 {Weiß steht besser.} Bxe5 17. dxe5 $146 ({Vorgänger:} 17. Bxe5 Nxe5 18. dxe5 bxc5 19. Rd6 Qb6 20. Rc1 Rab8 21. b3 Rbd8 {1-0 (65) Flick,A (2331)-Eryshkanova,A (2156) Pardubice 2017}) 17... Nxc5 18. Rd6 $1 a5 (18... Rad8 $14) 19. Rad1 $16 Rad8 20. Be3 Ba6 21. Qc2 Nd3 $2 {[#]} (21... Qb8 $16 22. Bxc5 (22. Rxc6 Bd3 $16) (22. Bxc6 Nb7 $16) 22... bxc5) 22. R1xd3 $18 Bxd3 23. Qxd3 ({Keinesfalls} 23. Rxd3 $6 Rxd3 24. Qxd3 Rd8 $16) 23... f6 24. Be4 ({Bloß nicht} 24. Bxc6 fxe5 25. Rxd8 (25. Bd7 Rf7 $15) 25... Rxd8 $18) 1-0

[Event "11th Asrian Memorial 2018"]
[Site "Jermuk"]
[Date "2018.06.21"]
[Round "1"]
[White "Pashikian, Arman"]
[Black "Ghukasyan, Siranush"]
[Result "1-0"]
[WhiteElo "2608"]
[BlackElo "2218"]
[Annotator "TA"]
[PlyCount "79"]
[EventDate "2018.06.21"]
[EventCountry "ARM"]
[SourceTitle "playchess.com"]
[Source "ChessBase"]
[SourceQuality "1"]

{[%evp 14,79,29,30,50,31,40,37,44,39,44,45,62,64,71,62,56,58,61,61,61,61,64,62,46,62,53,57,43,54,51,43,117,105,144,144,139,137,143,147,152,133,151,133,144,132,152,152,84,17,163,156,188,192,189,166,173,166,251,252,307,291,459,389,383,368,367,358]} 1. d4 d5 2. Bf4 Nf6 3. e3 Bf5 4. c4 e6 5. Qb3 (5. Nc3 Bb4 6. Qa4+ Nc6 7. Nf3 O-O 8. Rc1 dxc4 9. Bxc4 a6 10. Qd1 Nd5 11. Bxd5 Qxd5 12. a3 Bxc3+ 13. Rxc3 {1-0 (49) Karjakin,S (2760)-Wei,Y (2739) Medias 2017}) 5... Qc8 6. Nc3 {D00: Damenbauernspiele} c6 7. h3 Be7 8. Nf3 {LiveBook: 5 Partien. Weiß hat minimalen Vorteil.} Ne4 9. Be2 O-O 10. O-O Nd7 11. Rfc1 Nxc3 12. bxc3 h6 13. cxd5 exd5 14. c4 $146 dxc4 15. Bxc4 Nb6 16. Bd3 Bxd3 17. Qxd3 Qe6 18. Qb1 Bd6 19. Bxd6 Qxd6 20. a4 Rab8 21. a5 Nd5 22. Ne5 Rfe8 {[#]} (22... a6 $14) 23. a6 $1 $36 {[%cal Ra6b7][%mdl 2048] Läuft bei Weiss.} bxa6 24. Qf5 f6 25. Nxc6 Rb6 26. Na5 Rb5 {Die Idee ist ...Sxe3.} 27. Qg6 Qd7 28. Nc4 {Schwarz muss nun Sd6! beachten.} Re6 29. Qg4 h5 30. Qf3 ({Schwächer ist} 30. Qxh5 Nxe3 31. Qf3 Rf5 $15) 30... Rc6 31. Nd2 (31. e4 $16 {Droht stark Sa3.} Nb6 32. Nxb6 Rxc1+ 33. Rxc1 axb6 34. d5) 31... a5 (31... Nc3 $11) 32. Ne4 $18 ({Und nicht} 32. Qxh5 Nc3 $11) 32... Nb4 33. Nc5 Qe8 34. Qe2 a6 35. Ra3 Qf7 (35... Rd6 $142) 36. Rca1 Qc7 37. Qxh5 Rcb6 (37... Qd8 {war einen Versuch wert.} 38. Qe2 Qc7) 38. Rxa5 Rxa5 39. Rxa5 {[#] De8+ ist eine echte Drohung.} Rb8 40. Ra1 {Precision: Weiß = 72%, Schwarz = 38%.} 1-0

[Event "11th Asrian Memorial 2018"]
[Site "Jermuk"]
[Date "2018.06.21"]
[Round "1"]
[White "Andriasian, Zaven"]
[Black "Gaboyan, Susanna"]
[Result "1-0"]
[WhiteElo "2586"]
[BlackElo "2154"]
[Annotator "TA"]
[PlyCount "81"]
[EventDate "2018.06.21"]
[EventCountry "ARM"]
[SourceTitle "playchess.com"]
[Source "ChessBase"]
[SourceQuality "1"]

{[%evp 12,81,24,40,60,22,47,23,25,33,77,50,76,44,74,64,82,79,79,81,83,77,99,83,91,81,122,100,139,136,118,77,81,62,62,45,62,62,66,44,60,51,50,50,58,50,56,68,131,119,146,131,140,106,185,176,169,185,561,550,1043,957,29980,29981,29981,1522,1365,1351,29978,29978,29984,29985]} 1. e4 c5 2. Nc3 Nc6 3. Bb5 g6 4. Bxc6 dxc6 5. d3 (5. f4 Bg7 6. Nf3 h5 7. d3 Nh6 8. h3 O-O 9. O-O b5 10. Be3 c4 11. dxc4 Qxd1 12. Raxd1 bxc4 13. Ne5 {1-0 (34) Jovanovic,Z (2534)-Naiditsch,A (2687) Tallinn 2016}) 5... Nf6 6. f4 {B23: Closed Sicilian: Lines without g3} Bg7 7. Nf3 {LiveBook: 36 Games} Bg4 8. Be3 {White is slightly better.} Nd7 9. h3 Bxf3 10. Qxf3 O-O 11. O-O {[%cal Be1g1,Bg1f2,Bf2f1][%mdl 32]} Qc7 $146 ({Predecessor:} 11... Qa5 12. Nd1 Qa4 13. Qe2 e6 14. c3 Rad8 15. Nf2 b6 16. g4 f5 {1-0 (49) Lyell,M (2259)-Hawranke,D (2118) Hamburg 2015}) 12. g4 b6 13. h4 f5 14. gxf5 gxf5 {[#]} 15. e5 $1 Kh8 16. Kf2 Rg8 17. Ne2 e6 18. Rg1 Qd8 19. Rg5 Rc8 20. Rag1 Qe7 21. Kf1 Bh6 22. Rxg8+ Rxg8 23. Rxg8+ Kxg8 24. Bf2 Nb8 25. c4 Qg7 26. a3 Qe7 27. Ke1 Qe8 28. h5 {[%cal Bh4h5,Bh5h6][%mdl 32]} Na6 29. Bh4 Kf7 (29... Nb8 $14) 30. Bg5 $16 Bxg5 31. fxg5 Nb8 32. Qg2 Kg7 (32... Nd7 $16) 33. h6+ Kf7 34. Nf4 {Hoping for g6+.} Qg8 $2 (34... Kg8 35. g6 hxg6) 35. Kf2 $18 a5 36. a4 Ke7 37. g6 Nd7 38. gxh7 (38. Qg5+ $142 Ke8 {[#]} 39. Nxe6 $1 {[%mdl 512]} Qxe6 40. gxh7 Qxe5 41. Qe3 Kf7 42. Qxe5 Nxe5 43. h8=Q Ng4+ 44. Kg3) 38... Qxh7 39. Qg6 Nf8 40. Qg7+ Ke8 41. Nxe6 {Precision: White = 60%, Black = 22%.} 1-0

[Event "11th Asrian Memorial 2018"]
[Site "Jermuk"]
[Date "2018.06.21"]
[Round "1"]
[White "Der Manuelian, Haik"]
[Black "Melkumyan, Hrant"]
[Result "0-1"]
[WhiteElo "2242"]
[BlackElo "2662"]
[Annotator "TA"]
[PlyCount "92"]
[EventDate "2018.06.21"]
[EventCountry "ARM"]
[SourceTitle "playchess.com"]
[Source "ChessBase"]
[SourceQuality "1"]

{[%evp 9,92,44,42,34,53,51,52,52,77,29,34,27,30,10,57,0,0,0,21,0,0,0,6,0,0,-10,-2,-7,-16,-23,-11,-8,-17,-16,-18,-116,-101,-120,-74,-114,-112,-108,-113,-120,-114,-102,-108,-126,-120,-140,-131,-141,-139,-143,-141,-139,-140,-142,-137,-431,-154,-156,-166,-273,-271,-268,-259,-272,-264,-320,-314,-395,-346,-339,-332,-354,-348,-329,-327,-321,-320,-327,-326,-337,-352]} 1. e4 {[%cal Be2e4,Be4e5][%mdl 32]} Nf6 2. e5 Nd5 3. d4 d6 4. Nf3 Nc6 5. exd6 exd6 {LiveBook: 7 Games} 6. c3 {B04: Alekhine's Defence: 4 Nf3} (6. c4 Nb6 7. Be3 Be7 8. Nc3 O-O 9. Be2 Bg4 10. b3 f5 11. d5 Bf6 12. Rc1 Bxf3 13. Bxf3 Ne5 14. O-O f4 15. Bxb6 axb6 16. a4 Qd7 17. Nb5 Rae8 18. h3 {0-1 (44) Guseinov,G (2646)-Melkumyan,H (2654) chess.com INT 2018}) 6... Be7 7. Bd3 Bg4 8. O-O {White is slightly better.} O-O 9. Na3 $146 ({Predecessor:} 9. h3 Bxf3 10. Qxf3 Nb6 11. Nd2 Re8 12. Ne4 d5 13. Ng3 {1-0 (31) Bao,Q (2331)-Lewin,T (2041) Groningen 2016}) 9... Qd7 10. Nc2 Rae8 11. Re1 Kh8 12. Be4 (12. h3 $14 Bf5 13. Ne3 Nxe3 14. Bxe3) 12... Nf6 $1 $11 13. Bd3 d5 14. Ne3 Bh5 $1 15. Nf5 Bd6 16. Nxd6 Qxd6 17. Be3 Ne4 18. Qc1 Bxf3 19. gxf3 Nf6 20. Qd2 Nh5 21. Bg5 Nd8 22. Bxd8 (22. Bh4 $11) 22... Qxd8 $17 23. Kh1 Re6 24. Re5 g6 25. Rae1 Qf6 26. Bf1 Qxf3+ 27. Bg2 Qf4 28. Qe3 Qxe3 29. R1xe3 c6 30. Bh3 Rxe5 31. Rxe5 {[%mdl 4096] Endgame KRB-KRN} Nf4 32. Bf1 Kg7 33. Re7 Rb8 {[#] Hoping for ...Ne6.} 34. a4 $2 {[%mdl 8192]} (34. h4 $17) 34... Kf8 $2 (34... Ne6 $19 {has better winning chances. Threatens to win with ...Kf8.} 35. Kg2 Kf8 36. Rxe6 fxe6) 35. Re3 a5 36. b4 (36. h4 {keeps fighting.}) 36... axb4 $19 37. cxb4 Ne6 38. Rd3 Ke7 39. Bh3 f5 40. a5 Kd6 41. Bf1 b6 42. Rd1 Ra8 43. axb6 {Black has a decisive advantage.} Rb8 44. b5 cxb5 ({Don't take} 44... Rxb6 45. bxc6 Kxc6 46. Kg2 $19) 45. Bxb5 Rxb6 46. Be8 Rb8 {Precision: White = 32%, Black = 66%.} 0-1

[Event "11th Asrian Memorial 2018"]
[Site "Jermuk"]
[Date "2018.06.21"]
[Round "1"]
[White "Barseghyan, Armen Ar"]
[Black "Hovhannisyan, Robert"]
[Result "1-0"]
[WhiteElo "2219"]
[BlackElo "2625"]
[Annotator "TA"]
[PlyCount "209"]
[EventDate "2018.06.21"]
[EventCountry "ARM"]
[SourceTitle "playchess.com"]
[Source "ChessBase"]
[SourceQuality "1"]

{[%evp 18,209,36,0,0,-22,-35,-30,-33,-24,-30,-38,-18,-20,-21,-36,-29,-59,-45,-39,-35,-69,-27,-40,-34,-56,-45,-53,-35,-32,-34,-39,-12,-52,-39,-43,0,-110,-29,-31,-36,-46,-18,-25,-13,-60,-59,-58,-9,-5,20,20,33,21,60,49,64,76,213,151,161,50,50,50,50,50,57,50,50,43,43,35,57,57,62,52,178,219,218,173,339,362,469,445,357,330,469,474,473,470,501,500,488,445,439,412,583,583,547,131,850,865,839,770,4663,4802,2383,2009,5338,5338,5329,5329,5321,5321,5265,5051,1319,619,612,590,526,447,353,0,325,253,552,540,1208,1193,1171,810,1186,950,776,403,2414,2401,1991,1175,1045,462,393,0,1343,1327,12794,329,329,0,5718,1404,1222,908,768,739,608,586,1438,1218,5093,5130,5115,5106,5065,4449,29980,29981,29985,29986,29989,29990,29990,29988,29988,29987,29987,0,0,0,29986,29987,29987,29987,29988,29989,29989,29990,29990,29991,29991,29992,29992,29993]} 1. d4 Nf6 2. Nf3 d5 3. c4 e6 4. Nc3 a6 5. cxd5 exd5 6. Bg5 {D37: Damengambit (5.Lf4)} Be6 7. e3 Nbd7 8. Bd3 Bd6 9. O-O (9. Bf4 Qe7 10. O-O O-O 11. h3 c6 12. Qc2 Rfe8 13. Rae1 g6 {1-0 (40) Aronian,L (2801)-Oleksienko,M (2615) Germany 2018}) 9... c6 10. Qc2 {LiveBook: 11 Partien} Qc7 11. e4 dxe4 12. Nxe4 Nxe4 13. Bxe4 h6 14. Bh4 $146 O-O 15. Rfe1 Rfe8 16. Bg3 Nf6 17. Bd3 Bxg3 18. hxg3 Rad8 19. Re5 Nd7 20. Re2 Bd5 21. Rae1 Rxe2 22. Rxe2 Bxf3 23. gxf3 Nf6 24. Qc4 Qd7 25. Rd2 h5 {[%cal Bh6h5,Bh5h4][%mdl 32]} 26. Kg2 h4 27. Bc2 (27. d5 $1 $11 {bleibt in der Remisbreite.} h3+ 28. Kh2 Nxd5 29. Qg4) 27... Nd5 (27... hxg3 $17 28. fxg3 g6 $1 {[%mdl 512]}) 28. Re2 $11 g6 {...hxg3 ist eine echte Drohung.} 29. Be4 Ne7 30. Qc5 Kg7 31. Bc2 Nd5 32. Bb3 Qf5 {( -> ...h3+)} 33. Bxd5 $1 cxd5 34. gxh4 {[%mdl 4096] Endspiel KDT-KDT} Qf4 35. Qe7 $36 {[%mdl 2048] Weiss hat Druck.} Rd6 36. Qe5+ Rf6 37. Qxd5 Rf5 (37... Qxh4 $16 38. Re4 Qh5 39. Qxh5 gxh5) 38. Qe4 ({Schwächer ist} 38. Qxb7 Qxh4 39. Re5 Qg5+ 40. Kf1 Qc1+ 41. Kg2 Qg5+ 42. Kf1 Rxe5 $11) 38... Qd6 39. Rd2 (39. Qxb7 $18 {Und weiter mit Te5 wäre nett.} Qxd4 40. Re4) 39... Rd5 $14 40. a3 a5 41. Rd3 a4 42. f4 Qd7 43. Kg3 Qd8 44. Rd1 Rh5 45. d5 {[%cal Bd4d5,Bd5d6][%mdl 32]} Qxh4+ 46. Kf3 Rf5 (46... Kf8 $14) 47. Ke3 $18 ({Lieber nicht} 47. Qxa4 Qh3+ 48. Ke2 Qg4+ 49. f3 Re5+ 50. Kd2 Rxd5+ 51. Ke3 Re5+ 52. Kd2 Rd5+ 53. Ke3 Re5+ 54. Kd2 Rd5+ $11) 47... Qh3+ 48. Qf3 Qh4 $2 (48... Qxf3+ 49. Kxf3 Kf8) 49. d6 $1 Rb5 {[#]} 50. Qe4 $1 {[%cal Re4d4]} Qh3+ 51. f3 Qd7 (51... Rb3+ $142 52. Rd3 Rxd3+ 53. Qxd3 (53. Kxd3 Qd7 $18) 53... Qd7 54. Qc3+ Kh7) 52. Qd4+ f6 53. Kd2 Rh5 {beabsichtigt ...Dc6.} 54. Kc1 Rh8 55. Kb1 Rd8 56. Ka1 Qe6 (56... b5 {ist eine bessere Verteidigung.} 57. Qe4 Qe8) 57. f5 Qxf5 58. Re1 $2 (58. Rc1 $18 {ist der präzise Gewinnweg.}) 58... g5 $2 {[%mdl 8192]} (58... Rd7 $16) 59. Re7+ Kg6 60. d7 b5 61. Qd1 Qc5 62. Re8 Qc7 63. Rxd8 Qxd8 {KD-KD} 64. Qd5 Kg7 65. Qxb5 Kf7 66. Qxa4 f5 67. Qb5 (67. Kb1 $142 Ke7 68. Qb4+ Ke6 69. Qb3+ Ke7 70. Qe3+ Kf7 {[#]} 71. Qe8+ $1 {[%mdl 512]} Qxe8 72. dxe8=N Kxe8 73. Kc2) 67... Ke6 68. Qc6+ Ke7 69. Qc5+ Ke6 70. Qc6+ Ke7 71. Qg6 Kxd7 $2 (71... Qxd7 72. Qxg5+ Kf7) 72. Qxf5+ Kc6 73. Qc2+ Kb7 74. Ka2 Ka7 75. Qc4 Qf6 76. Qd5 Qg7 (76... Kb6 $142 77. a4 Qf4) 77. a4 Qg6 78. Qa5+ Kb7 79. Qb5+ (79. Qb4+ $142 Kc7 80. Ka3) 79... Ka8 80. Qd5+ $2 (80. Qe2 $18) 80... Kb8 $2 {[%mdl 8192]} (80... Ka7 $11 81. Ka3 Qb1) 81. a5 g4 82. Qb5+ $2 (82. Qb3+ Ka8 83. fxg4) 82... Ka8 83. Qd5+ $2 (83. fxg4 Qg8+ 84. Ka3 Qf8+ 85. Ka4) 83... Kb8 $1 84. Qd8+ (84. Qb3+ $142 Ka8 85. fxg4) 84... Kb7 85. Qd7+ Ka6 86. fxg4 Qg8+ 87. Kb1 Kxa5 88. Qf5+ Kb4 89. g5 Qd8 90. Qe4+ Kb5 91. g6 Qg5 92. Qb7+ Ka5 93. g7 Qf5+ 94. Ka2 Qg4 95. Qa8+ Kb6 96. g8=Q Qc4+ 97. Kb1 $2 (97. Ka3 {setzt Matt} Qc5+ 98. Ka2 Qc4+ 99. Ka3 Qc5+ 100. Kb3 Qb5+ 101. Kc3 Qe5+ 102. Kd3) 97... Qf1+ 98. Kc2 {jetzt De6+ und aus.} Qe2+ $2 {[%mdl 8192]} (98... Qc4+ $11 99. Kb1 Qd3+ 100. Ka2 Qc4+ 101. Ka3 Qc5+ 102. Kb3 Qb5+ 103. Kc3 Qe5+ 104. Kd3 Qb5+ 105. Qc4 Qf5+ 106. Qce4 Qb5+ 107. Kc2 Qc4+ 108. Kd2 Qxe4 109. Qxe4 Kc7 110. Qe7+ Kc6) 99. Kc3 {Weiß setzt Matt.} Qe3+ 100. Kb4 {[%cal Rg8d8]} Qc5+ 101. Kb3 {[%cal Rg8b8]} Qb5+ 102. Kc3 Qe5+ 103. Kd3 Qb5+ 104. Qc4 Qf5+ 105. Qae4 {Precision: Weiß = 59%, Schwarz = 29%.} 1-0

[Event "11th Asrian Memorial 2018"]
[Site "Jermuk"]
[Date "2018.06.21"]
[Round "1"]
[White "Yeritsyan, Hayk"]
[Black "Jumabayev, Rinat"]
[Result "0-1"]
[WhiteElo "2196"]
[BlackElo "2594"]
[Annotator "TA"]
[PlyCount "136"]
[EventDate "2018.06.21"]
[EventCountry "ARM"]
[SourceTitle "playchess.com"]
[Source "ChessBase"]
[SourceQuality "1"]

{[%evp 36,136,21,2,6,14,27,6,0,0,28,0,3,0,18,11,11,8,11,11,11,11,11,11,16,11,14,10,14,-17,0,-44,-38,-69,-68,-68,-70,-103,-107,-116,-93,-80,-75,-77,-82,-77,-47,-51,-65,-71,-31,-47,-62,-132,-97,-95,-68,-121,-137,-229,-224,-260,-247,-368,-323,-264,-219,-342,-293,-482,-424,-408,-390,-335,0,-212,-219,-279,-287,-288,-288,-277,-277,-246,-225,-379,-369,-1835,-2059,-1949,-1665,-1758,-1312,-1245,-909,-12834,-12835,-12835,-12834,-1798,-1678,-979,-877]} 1. d4 Nf6 2. c4 e6 3. g3 c5 4. d5 exd5 5. cxd5 d6 6. Bg2 g6 7. Nc3 Bg7 8. Nf3 {[%cal Bg1f3,Bf3d2,Bd2c4][%mdl 32]} O-O 9. O-O Re8 10. Nd2 a6 11. a4 Nbd7 12. h3 Rb8 13. Nc4 Nb6 14. Ne3 Bd7 15. a5 Nc8 16. Nc4 Bb5 17. Qb3 Bxc4 18. Qxc4 {A64: Modern Benoni: Fianchetto Variation: 9...Nbd7 10 Nd2 a6 11 a4 Re8} Nd7 19. e4 {LiveBook: 3 Games} (19. Qa4 Na7 20. Bf4 Ne5 21. Rab1 b5 22. axb6 Qxb6 23. Ra1 Nb5 24. Qxa6 Nd4 25. Rfb1 Qc7 {0-1 (65) Williams,J (2371)-Bruzon Batista,L (2660) Saint Louis 2017}) 19... Ne5 20. Qe2 {The position is equal.} c4 21. Bd2 b5 $146 ({Predecessor:} 21... Qc7 22. Rfc1 Nd3 23. Rc2 Na7 24. Be3 Nb5 25. Nxb5 axb5 26. Qxd3 Bxb2 {1-0 (47) Kemp,P (2162)-Amato,G (1982) England 2014}) 22. axb6 Qxb6 23. Ra4 Qc7 24. Rb1 Rb3 25. Rxa6 Qb7 26. Ra4 Nb6 27. Ra3 Nbd7 28. Rxb3 Qxb3 29. Qd1 Rb8 {[%cal Be8b8,Bb8b3,Bb3d3][%mdl 32]} 30. Qxb3 Rxb3 31. Nd1 Nd3 {[%cal Rd3b2]} 32. Bf1 N7c5 {[%cal Rd3b2]} 33. Bxd3 (33. Be3 {feels hotter.} Nxe4 34. Ra1 f5 35. Ra8+ Kf7 36. Ra7+) 33... Rxd3 34. Bc3 Nxe4 35. Bxg7 Kxg7 $15 {[%mdl 4096] Endgame KRN-KRN} 36. Ne3 {[#]} Nxg3 $1 {[%mdl 512]} 37. Nxc4 (37. fxg3 Rxe3) 37... Ne2+ 38. Kf1 Nf4 39. b4 Rxh3 {[%cal Rh3h1]} 40. Kg1 Rc3 41. Ne3 $1 Nd3 42. Kf1 f5 43. Ke2 {[#] Hoping for Kd2.} Ne5 44. f4 Nd7 45. Kd2 Rc7 46. Ra1 ({White should try} 46. Kd3 $15) 46... h5 $17 {[%cal Bh7h5,Bh5h4,Bh4h3][%mdl 32]} 47. Ra6 (47. Kd3 $17) 47... h4 48. Ra1 Nf6 49. Kd3 (49. b5 $142) 49... Ne4 50. Kd4 h3 51. b5 (51. Rh1 {is a better defense.} Ng3 52. Rh2) 51... Rc5 $19 52. Ra7+ $2 (52. b6 {was forced.} Rb5 53. Nc4) 52... Kf6 53. b6 Nc3 54. Kd3 {Threatens to win with b7.} Ne4 $2 (54... Nxd5 $19 55. Nxd5+ Rxd5+ 56. Kc4 Rc5+ 57. Kb4 Rc2) 55. Rh7 $2 (55. Kd4 $1 $11) 55... Rb5 56. Kc4 Rxb6 57. Rxh3 Rb2 58. Rh8 Rf2 59. Rh4 Rf3 60. Kd3 $2 (60. Nd1) 60... Ng3 61. Rh7 $2 (61. Kd2) 61... Nf1 {Black is clearly winning.} 62. Rd7 Rxe3+ {KRN-KR} 63. Kc2 Ng3 64. Rxd6+ Kf7 65. Rd7+ Re7 66. Rd8 Ne2 67. d6 Re8 68. Rd7+ Ke6 {Precision: White = 45%, Black = 85%.} 0-1

[Event "11th Asrian Memorial 2018"]
[Site "Jermuk"]
[Date "2018.06.21"]
[Round "1"]
[White "Movsisyan, Vardan"]
[Black "Bernadskiy, Vitaliy"]
[Result "0-1"]
[WhiteElo "2146"]
[BlackElo "2586"]
[Annotator "TA"]
[PlyCount "64"]
[EventDate "2018.06.21"]
[EventCountry "ARM"]
[SourceTitle "playchess.com"]
[Source "ChessBase"]
[SourceQuality "1"]

{[%evp 9,64,-13,-13,-10,-7,0,-2,-26,0,0,0,-8,0,-9,36,21,37,19,25,8,10,0,0,0,85,75,90,88,106,114,100,76,70,0,0,0,0,-40,-39,-62,-35,-38,-20,-220,-206,-339,-337,-334,-311,-405,-423,-431,-438,-424,-414,-946,-931]} 1. Nf3 d5 2. b3 Bg4 3. Bb2 Nd7 4. h3 (4. g3 e5 5. h3 Bxf3 6. exf3 Ngf6 7. Bg2 Bc5 8. O-O O-O 9. c3 Re8 10. d4 exd4 11. cxd4 Bb6 12. Nd2 {½-½ (25) Malakhov,V (2691)-Motylev,A (2660) Sochi 2018}) 4... Bxf3 5. exf3 e5 6. Qe2 {A06: Réti Opening:1 Nf3 d5} Bd6 7. f4 $146 {[%cal Rf4e5]} ({Predecessor:} 7. Qb5 Ne7 8. Qxb7 a6 9. b4 O-O 10. c3 Nb6 11. c4 Qd7 {0-1 (29) Ghinelli,L-Savchak,O (2306) ICCF email 2007}) 7... f6 8. d4 {[%cal Rd4e5] The position is equal.} Qe7 9. dxe5 fxe5 10. Nc3 Ngf6 11. Nb5 e4 (11... Bb4+ {with more complications.} 12. c3 Ba5 13. O-O-O O-O-O 14. c4 Rhe8) 12. Nxd6+ Qxd6 13. g3 O-O 14. O-O-O a5 15. a4 c6 16. Qe3 {[#]} c5 (16... b5 $1 $11 {[%mdl 512]}) 17. f3 $16 {aiming for fxe4.} d4 18. fxe4 Qe7 19. Qf3 {Black must now prevent e5.} Qxe4 20. Bg2 Rae8 21. g4 (21. Qf2 $14 Qg6 22. Bxb7) 21... Qxf3 $11 22. Bxf3 Ne4 $36 {[%mdl 2048] Black is pushing.} 23. f5 (23. Bxe4 $5 Rxe4 24. f5 $11) 23... Nf2 $1 24. Bxb7 Nxh1 25. Rxh1 Re5 26. b4 $2 (26. Ba6 $11 {and White stays safe.}) 26... axb4 $19 27. a5 (27. Kb1 $142) 27... c4 {[%cal Bc5c4,Bc4c3][%mdl 32]} 28. Bxd4 Rxa5 29. Re1 c3 {[%cal Ra5a1]} 30. Kb1 Rd8 31. Bf3 Nc5 32. Be5 {[#]} (32. Rd1 $142) 32... Ne4 $1 {[%mdl 512] Precision: White = 49%, Black = 61%.} 0-1

[Event "11th Asrian Memorial 2018"]
[Site "Jermuk"]
[Date "2018.06.22"]
[Round "2"]
[White "Melkumyan, Hrant"]
[Black "Mikaelyan, Arman"]
[Result "1/2-1/2"]
[WhiteElo "2662"]
[BlackElo "2500"]
[Annotator "TA"]
[PlyCount "62"]
[EventDate "2018.06.21"]
[EventCountry "ARM"]
[SourceTitle "playchess.com"]
[Source "ChessBase"]
[SourceQuality "1"]

{[%evp 9,62,14,26,8,22,24,33,28,36,35,36,33,42,28,34,21,29,-5,12,8,16,-11,-10,0,18,-47,19,-27,-20,-4,40,-8,9,10,25,10,22,4,10,16,20,34,18,7,7,7,13,0,0,0,0,0,0,0,0]} 1. c4 c6 2. Nf3 Nf6 3. g3 g6 4. b3 Bg7 5. Bb2 b5 (5... d5 6. Bg2 O-O 7. O-O Nbd7 8. d4 Ne4 9. e3 Ndf6 10. Ne5 Be6 11. Qe2 a5 12. Na3 a4 13. f3 Nd6 14. c5 Nf5 15. b4 Bc8 16. Rad1 e6 17. e4 {1-0 (98) Gelfand,B (2695)-Korobov,A (2678) Poikovsky 2018}) 6. Na3 $146 {A15: English Opening: 1...Nf6} ({Predecessor:} 6. Bg2 bxc4 7. bxc4 Qb6 8. Qb3 Na6 9. O-O O-O 10. d3 Rb8 11. Qxb6 axb6 {½-½ (36) Maric,A (2481)-Naiditsch,A (2425) Dortmund 1999}) 6... b4 7. Nc2 c5 8. a3 {White is slightly better.} bxa3 9. Rxa3 O-O 10. Bg2 Bb7 11. O-O d6 12. d4 cxd4 13. Ncxd4 ({Avoid the trap} 13. Qxd4 $2 Nh5 $19) 13... Nbd7 14. Qa1 a6 15. Rc1 Qb6 16. Nc2 Be4 17. Ne3 (17. Bd4 $11 Qb7 18. Ne3) 17... Qb7 (17... Bh6 $15) 18. Nd2 Bxg2 19. Nxg2 d5 20. cxd5 Qxd5 21. Nc4 Rfb8 22. Nf4 Qb5 23. Ne5 Nxe5 24. Bxe5 Ne8 25. Bxg7 Nxg7 26. e4 {Black should prevent Nd5.The position is equal.} e6 27. h4 Rd8 28. Qc3 Nh5 29. Nxh5 Qxh5 30. Kg2 Qe2 31. Re1 Rd3 {Precision: White = 45%, Black = 49%.} 1/2-1/2